Efektívna alokácia verejných projektov

Potreba prepojenia hodnotenia priamych a nepriamych efektov, ktoré sú výsledkom uskutočnených projektových aktivít. Multikriteriálna analýza predstavuje nástroj na objektivizáciu výsledkov hodnotenia na báze analýzy nákladov a výnosov.

Salvato in:
Dettagli Bibliografici
Autore principale: Šabíková, Ingrid
Altri autori: Čiernik, Anton
Natura: Capitolo di libro
Lingua:slovacco
Soggetti:
Tags: Aggiungi Tag
Nessun Tag, puoi essere il primo ad aggiungerne!!

MARC

LEADER 00000naa a2200000 4500
001 0183511
005 20240502073135.9
041 0 |a slo 
044 |a SK 
245 1 0 |a Efektívna alokácia verejných projektov  |c Ingrid Šabíková, Anton Čiernik 
520 |a Potreba prepojenia hodnotenia priamych a nepriamych efektov, ktoré sú výsledkom uskutočnených projektových aktivít. Multikriteriálna analýza predstavuje nástroj na objektivizáciu výsledkov hodnotenia na báze analýzy nákladov a výnosov. 
610 2 0 |a financie verejné 
610 2 0 |a výdavky verejné 
610 2 0 |a projekty 
610 2 0 |a kontrola 
610 2 0 |a analýza nákladov a výnosov 
610 2 0 |a analýza hodnotová 
100 1 |a Šabíková, Ingrid 
700 1 |a Čiernik, Anton